000 00666nam a2200121Ia 4500
008 171212s9999 xx 000 0 und d
020 _a9780833088468
100 _aMartin, Laurie T.;Sontag-Padilla, Lisa;Cannon, Jill S.;Auger, Anamarie;Diamond, Rebecca;Joyce, Catherine;Spurlock, Katherine L.;Chandra, Anita
245 _cMartin, Laurie T.;Sontag-Padilla, Lisa;Cannon, Jill S.;Auger, Anamarie;Diamond, Rebecca;Joyce, Catherine;Spurlock, Katherine L.;Chandra, Anita
_aOff to a Good Start
_bSocial and Emotional Development of Memphis’ Children
260 _bRAND Corporation
_c2014
650 _aSociology
856 _uhttp://www.jstor.org/stable/10.7249/j.ctt1287mcv
999 _c352376
_d352376